00361nam a2200121Ia 4500008004100000082002000041100003000061245002400091260003000115300000800145630003300153650005300186211118s9999||||xx |||||||||||||| ||und|| a894.8123bRAM-S aRamakrishnan, Malayattoor 0aSirassil Varachathu bD c BooksaKottayamc1999 a80p xMalayalam NovelGeneral Stack aMalayalam LiteraturevMalayalam FictionMalayalam